书目信息 |
| 题名: |
大宋王朝之谜
|
|
| 作者: | 蒋建平 著 | |
| 分册: | ||
| 出版信息: | 上海 文汇出版社 2005.08 |
|
| 页数: | 276页 | |
| 开本: | 21cm | |
| 丛书名: | ||
| 单 册: | ||
| 中图分类: | I247.8 | |
| 科图分类: | ||
| 主题词: | 故事--作品集--中国--当代 | |
| 电子资源: | ||
| ISBN: | 7-80676-879-3 | |
| 000 | 00658nam0 2200217 450 | |
| 001 | 1053502216 | |
| 005 | 20100715145414.23 | |
| 010 | @a7-80676-879-3@dCNY15.00 | |
| 100 | @a20100515d2005 km y0chiy0120 ea | |
| 101 | 0 | @achi |
| 102 | @aCN@b310000 | |
| 105 | @ay z 000ay | |
| 200 | 1 | @a大宋王朝之谜@Ada song wang chao zhi mi@f蒋建平著@Fjiang jian ping zhu |
| 210 | @a上海@c文汇出版社@d2005.08 | |
| 215 | @a276页@d21cm | |
| 330 | @a本书以故事形式串讲了两宋兴衰历史,千年前的人物、事件,如在眼前…… | |
| 606 | 0 | @a故事@x作品集@y中国@z当代 |
| 690 | @aI247.8@v4 | |
| 701 | 0 | @a蒋建平@Ajiang jian ping@4著 |
| 801 | 0 | @aCN@c20100515 |
| 905 | @dI247.8@eJ560@f3 | |
| 大宋王朝之谜/蒋建平著.-上海:文汇出版社,2005.08 |
| 276页;21cm |
| ISBN 7-80676-879-3:CNY15.00 |
| 本书以故事形式串讲了两宋兴衰历史,千年前的人物、事件,如在眼前…… |
| ● |
| 相关链接 |
|
|
|
正题名:大宋王朝之谜
索取号:I247.8/J560
 
预约/预借
| 序号 | 登录号 | 条形码 | 馆藏地/架位号 | 状态 | 备注 |
| 1 | 992118 | 209921183 | 文学库108/108文学库 63排6列4层/ [索取号:I247.8/J560] | 在馆 | |
| 2 | 992119 | 209921192 | 文学库108/108文学库 63排6列4层/ [索取号:I247.8/J560] | 在馆 | |
| 3 | 992120 | 209921209 | 文学库108/108文学库 63排6列4层/ [索取号:I247.8/J560] | 在馆 |